000 00308nab a22001097u 4500
008 130520b1982 xxu||||| |||| 00| 0 spa d
041 _aspa
100 1 _aErlinghagen, H.
_967222
245 0 0 _aInforme del Japón
_cH. Erlinghagen
773 0 _tConcilium
_gV.1,1982,págs.124-128
_x0210-1041
_wRev134
942 _cAR
999 _c354813
_d354813